| 000 | 00898nas a2200265 4500 | ||
|---|---|---|---|
| 001 | BR0201882 | ||
| 003 | BR-BrBNA | ||
| 005 | 20231205102855.0 | ||
| 007 | ta | ||
| 008 | 230509b bl.|||p| |||| 00| 00por d | ||
| 040 |
_aBR-BrBNA _bpor _cBiblioteca Nacional de Agricultura |
||
| 041 | _a(Pt) | ||
| 072 | _aF03 | ||
| 100 | 1 | _aDignart, S. | |
| 100 | 1 | _aCamargo, I.P. de | |
| 100 | 1 | _aFerronato, A. | |
| 245 | 1 | _aComparação entre os métodos para determinar o grau de umidade em sementes de jatobá-do-cerrado (Hymenaea stigonocarpa (Hayne)Mart.)e de barbatimão (Stryphnodendron adstringens (Mart.)Cov.) | |
| 650 | _aJATOBÁ | ||
| 650 | _aBARBATIMÃO | ||
| 650 | _aSEMENTE | ||
| 650 | _aTEOR DE UMIDADE | ||
| 773 | 0 |
_tRevista Brasileira de Sementes (Brazil) _xISSN 0101-3122 _g(2000), v. 22(2) p. 300-303 _wBR0201882 |
|
| 909 |
_a202311 _bLúcia _c55 _dLúcia Elande |
||
| 942 |
_2AGRIS _n0 _cANA |
||
| 999 |
_c169827 _d169827 |
||